Responses for Show #562 - Tuesday, February 3, 1987

Contestants

[<< previous game]

Joel Nathanson, a dentist from Baltimore, Maryland

Linda Lyle, an educational travel coordinator originally from Knoxville, Tennessee

Claude Welch, a professor from Buffalo, New York (whose 1-day cash winnings total $6,800)

[next game >>]

Jeopardy! Round responses

FAMOUS PARKS
KIDDIE LIT
SWIMMING & DIVING
MAMMALS
"WORLD"LY SONGS
JAIL
    $100 1
Candlestick Park

Claude
    $100 5
his nose grew

Joel
    $100 11
2

Triple Stumper
    $100 26
prairie dogs

Claude
    $100 6
"It's a Small World"

Joel
    $100 12
none

Joel
    $200 2
Hyde Park (New York)

Claude
    $200 21
(Winnie the) Pooh

Claude
    $200 16
less than a minute

Triple Stumper
    $200 7
"A World Without Love"

Joel
    $200 13
Soviet Union

Claude
    $300 3
Utah

Claude
    $300 22
in the cave

Claude
    $300 17
the butterfly

Joel
    $300 8
"The World Is A Ghetto"

Triple Stumper
    $300 14
Stalag 13

Joel
    $400 4
(South) Korea

Linda
    $400 23
to make my bread

Triple Stumper
    $400 18
water ballet

Joel
    $400 28
[The end-of-round signal sounds.]

mongooses

Joel
    $400 9
"He's Got the Whole World in His Hands"

Joel
    $400 15
(Joel: What is $200?)
(Claude: What is $500?)

$50

ClaudeJoel
Triple Stumper
    $500 24
(Alex: We've got less than a minute to go.)

Rosa Parks

Linda
    $500 25
the little red hen

Claude
    $500 19
(Claude: What is Norway?)

Sweden

Claude
Triple Stumper
    $500 27
spider monkey

Triple Stumper
    $500 10
"Welcome to My World"

Triple Stumper
    $500 20
"Chain Gang" (by Sam Cooke)

Joel

Scores at the first commercial break (after clue 15):

Claude Linda Joel
$400 $400 $800

Scores at the end of the Jeopardy! Round:

Claude Linda Joel
$1,000 $900 $2,400

Double Jeopardy! Round responses

WORLD GEOGRAPHY
NEW TESTAMENT
MEDICINE
TV TRIVIA
GENERALS
CLOTHING
    $200 11
Antarctica

Claude
    $200 6
the temple

Joel
    $200 7
paramedics

Joel
    $200 17
David Hartman

Triple Stumper
    $200 5
Patton

Linda
    $200 25
vest

Claude
    $400 12
Jutland

Linda
    $400 3
John the Baptist

Claude
    $400 8
birds

Joel
    $400 18
(Alex: "You look mahvelous!")
(Joel: Thank you!)

Fernando Lamas

Joel
    $400 22
(Claude: What is RCA... later on to become [*]?)
(Alex: [Looking at judges] We'll give it to you.)

NBC

Claude
    $400 26
boa

Claude
    $600 13
Prague

Triple Stumper
    $600 2
King Herod

Linda
    $600 9
Africa

Claude
    $600 19
Supertrain

Triple Stumper
    $3,000 23
(Claude: Who was Benedict Arnold?)

Robert E. Lee

Claude
    $800 14
Nile

Claude
    $800 1
St. Paul

Triple Stumper
    $800 10
autistic

Linda
    $800 20
an angel

Joel
    $800 24
(Alex: We've got a minute to go.)

Douglas MacArthur

Linda
    $1000 15
Indonesia

Claude
    $1,000 4
(Claude: Caesar Augustus?)
(Alex: You did not phrase it as a question, so we have to penalize you; we give you no leeway in the Double Jeopardy! Round.)

Augustus, Tiberius or Claudius

Claude
    $1000 16
a thin skin

Joel
    $1000 21
Jessica Walter

Triple Stumper
    $1000 27
[The end-of-round signal sounds.]

Charles de Gaulle

Claude

Scores at the end of the Double Jeopardy! Round:

Claude Linda Joel
$2,000 $3,700 $5,400

[wagering suggestions for these scores]

Final Jeopardy! Round responses

DEMOCRATS
ClaudeWho is FDR? (Roosevelt)
$2,000
LindaWho was FDR?
$3,695
JoelWho was LBJ?
$2,001
Lyndon Baines Johnson (in 1964)

Final scores:

Claude Linda Joel
$0 $5 $7,401
3rd place: Smith Corona XD 8000 typewriter 2nd place: Trip to New Orleans; week in Bienville House New champion: $7,401

Game dynamics:

Coryat scores:

Claude Linda Joel
$6,000 $3,700 $5,400
17 R,
4 W
(including 2 DDs)
7 R,
0 W
16 R
(including 1 DD),
1 W

Combined Coryat: $15,100

[game clues] [game scores] [suggest correction]

Game tape date: 1986-11-05
The J! Archive is created by fans, for fans. Scraping, republication, monetization, and malicious use prohibited; this site may use cookies and collect identifying information. See terms. The Jeopardy! game show and all elements thereof, including but not limited to copyright and trademark thereto, are the property of Jeopardy Productions, Inc. and are protected under law. This website is not affiliated with, sponsored by, or operated by Jeopardy Productions, Inc. Join the discussion at JBoard.tv.